|
|
|
|
| LEADER |
00000nas a2200000 4500 |
| 001 |
vtls012289132 |
| 003 |
SK-MaSNL |
| 005 |
20260228160540.0 |
| 008 |
251217d18441845gw qr p 000 b0ger |
| 015 |
|
|
|a SNBHFB
|
| 040 |
|
|
|a SNKHF
|b slo
|c SNKHF
|e rda
|
| 041 |
0 |
|
|a ger
|
| 044 |
|
|
|a gw
|c DE
|
| 072 |
|
7 |
|a 82-9
|x Literárna kritika, vecná literatúra a rôzne ďalšie žánre
|2 konspekt
|
| 072 |
|
7 |
|a 808
|x Literárny štýl. Literárna činnosť a technika. Efektívne využívanie jazyka. Spisovateľská činnosť
|2 konspekt
|
| 080 |
|
|
|a (051)-048.55
|2 2011
|
| 080 |
|
|
|a 82-95
|2 2011
|
| 080 |
|
|
|a 808.5
|2 2011
|
| 245 |
0 |
0 |
|a Wigands Vierteljahrsschrift
|
| 264 |
|
1 |
|a Leipzig
|b Verlag von Otto Wigand
|c 1844-1845
|
| 300 |
|
|
|c 23 cm
|
| 310 |
|
|
|a 4x ročne
|
| 336 |
|
|
|a text
|b txt
|2 rdacontent
|
| 337 |
|
|
|a bez média
|b n
|2 rdamedia
|
| 338 |
|
|
|a zväzok
|b nc
|2 rdacarrierr
|
| 362 |
0 |
|
|a 1. Band (1844)-4. Band (1845)
|
| 504 |
|
|
|a Poznámky pod textom
|
| 508 |
|
|
|a Predslov
|
| 546 |
|
|
|a Nemčina
|b Fraktúra
|
| 561 |
|
|
|a Proveniencia: pečiatka Dr. E. Kadarász - ver. not. poz. Margity Zayovej Čís. 2501-2504.
|5 SNK ČC 4492/1844
|
| 561 |
|
|
|a Proveniencia: pečiatka Dr. E. Kadarász - ver. not. poz. Margity Zayovej Čís. 2505-2508.
|5 SNK ČC 4492/1845
|
| 650 |
0 |
7 |
|a literárna kritika
|2 SNKPH
|9 1138
|
| 650 |
0 |
7 |
|a rétorika
|2 SNKPH
|9 989
|
| 655 |
|
7 |
|a špecializované časopisy
|2 SNKPH
|9 70509
|
| 700 |
1 |
|
|a Wigand, Oto,
|d 1795-1870
|4 aui
|4 pbl
|9 160908
|
| 752 |
|
|
|a Nemecko
|d Lipsko
|
| 785 |
0 |
0 |
|t Deutsche Jahrbücher für Wissenschaft und Kunst
|
| 785 |
0 |
0 |
|t Die Epigonen
|
| 852 |
|
|
|a snk
|b Zaiova knižnica: Zay 2044-2047
|p ČC 4492/1844
|
| 852 |
|
|
|a snk
|b Zaiova knižnica: Zay 2044-2051
|p ČC 4492/1845
|
| 958 |
|
|
|a DF
|
| 999 |
|
|
|c 2931
|d 4861
|
| 952 |
|
|
|0 0
|1 0
|4 0
|7 0
|8 5
|a SNK
|b SNK
|c SNK_HF
|d 2025-12-17
|i snk2025/20275
|l 0
|o snkČC 4492/1844
|p 17A1569797
|r 2026-02-21 22:34:45
|t Zay 2044-2047
|w 2026-02-21
|y PREZ
|
| 952 |
|
|
|0 0
|1 0
|4 0
|7 0
|8 5
|a SNK
|b SNK
|c SNK_HF
|d 2025-12-17
|i snk2025/20276
|l 0
|o snkČC 4492/1845
|p 17A1569798
|r 2026-02-21 22:34:45
|t Zay 2048-2051
|w 2026-02-21
|y PREZ
|